[Event "European Youth Chess Championship B16"]
[Site "Prague, Top Hotel Prague"]
[Date "2016.08.22"]
[Round "5.25"]
[White "Schmidek, Emil"]
[Black "Anaskin, Arsenij"]
[Result "1/2-1/2"]
[WhiteElo "2223"]
[BlackElo "2054"]
[PlyCount "97"]
[EventDate "2016.08.18"]

1. e4 e5 2. Nf3 Nc6 3. Bb5 Nge7 4. d4 exd4 5. Nxd4 g6 6. Nxc6 Nxc6 7. O-O Bg7
8. Nc3 O-O 9. Be3 a6 10. Be2 d6 11. Qd2 Re8 12. Bg5 f6 13. Bh6 Qe7 14. Bxg7
Kxg7 15. f4 Be6 16. Rae1 d5 17. exd5 Qc5+ 18. Kh1 Red8 19. Bf3 Bf7 20. Qf2 Qxf2
21. Rxf2 Nd4 22. Rd1 Nf5 23. Re2 h5 24. Kg1 Rd6 25. Na4 c6 26. Nb6 Rad8 27. c4
cxd5 28. Nxd5 b5 29. b3 bxc4 30. bxc4 Nh4 31. Be4 f5 32. Bc2 Bxd5 33. Rxd5 Rxd5
34. cxd5 Rxd5 35. Bb3 Rd6 36. Kf2 g5 37. Re7+ Kh6 38. fxg5+ Kxg5 39. g3 Ng6 40.
h4+ Kh6 41. Rf7 f4 42. gxf4 Nxh4 43. Ke3 Kg6 44. Ke4 Rf6 45. Ra7 Ng2 46. f5+
Rxf5 47. Rxa6+ Kg5 48. Be6 Rf4+ 49. Ke5 1/2-1/2

[Event "European Youth Chess Championship B16"]
[Site "Prague, Top Hotel Prague"]
[Date "2016.08.22"]
[Round "5.26"]
[White "Jelinek, Michal"]
[Black "Sousa, Andre Ventura"]
[Result "1/2-1/2"]
[WhiteElo "2080"]
[BlackElo "2411"]
[PlyCount "107"]
[EventDate "2016.08.18"]

1. d4 Nf6 2. c4 g6 3. Nc3 Bg7 4. e4 d6 5. Nf3 O-O 6. Be2 e5 7. O-O Nc6 8. d5
Ne7 9. Ne1 Nd7 10. Nd3 f5 11. Bd2 fxe4 12. Nxe4 Nf5 13. Bc3 Nf6 14. Bf3 Nxe4
15. Bxe4 Nd4 16. Bxd4 exd4 17. f4 Bd7 18. Qf3 Qf6 19. Rae1 a5 20. Qg3 Kh8 21.
h3 Bh6 22. Re2 a4 23. Qe1 c5 24. g4 Bg7 25. g5 Qf7 26. Qg3 b5 27. b3 axb3 28.
axb3 Ra3 29. Rb1 Re8 30. Qf3 Rb8 31. Rbb2 Bc8 32. h4 Qd7 33. f5 gxf5 34. Bxf5
Qf7 35. Bg4 Qxf3 36. Bxf3 Ba6 37. Be4 Bc8 38. Kg2 Bd7 39. Rf2 Re8 40. Rf4 Kg8
41. h5 h6 42. g6 Rf8 43. Rxf8+ Bxf8 44. Nf4 Be7 45. Ne6 b4 46. Rf2 d3 47. Bxd3
Rxb3 48. Rf7 Bxe6 49. dxe6 Rxd3 50. Rxe7 Re3 51. Re8+ Kg7 52. Re7+ Kg8 53. Re8+
Kg7 54. Re7+ 1/2-1/2

[Event "European Youth Chess Championship B16"]
[Site "Prague, Top Hotel Prague"]
[Date "2016.08.22"]
[Round "5.27"]
[White "Lamblin, Jean"]
[Black "Miesbauer, Jan"]
[Result "0-1"]
[WhiteElo "2090"]
[BlackElo "2272"]
[PlyCount "64"]
[EventDate "2016.08.18"]

1. d4 Nf6 2. Nf3 g6 3. c4 Bg7 4. Nc3 d6 5. g3 O-O 6. Bg2 Nbd7 7. O-O e5 8. e3
c6 9. a4 Re8 10. a5 e4 11. Ng5 d5 12. cxd5 cxd5 13. f3 h6 14. Nxf7 Qe7 15. Nxd5
Nxd5 16. fxe4 N5f6 17. e5 Qxf7 18. exf6 Nxf6 19. e4 Qc4 20. e5 Nh7 21. Be3 Qb5
22. Qd2 Be6 23. Bxh6 Rad8 24. Bxg7 Kxg7 25. Rac1 Qxe5 26. dxe5 Rxd2 27. Bxb7
Re7 28. a6 Ng5 29. Rc5 Rxb2 30. Rfc1 Rf7 31. Rc7 Nh3+ 32. Kh1 Rxb7 0-1

[Event "European Youth Chess Championship B16"]
[Site "Prague, Top Hotel Prague"]
[Date "2016.08.22"]
[Round "5.28"]
[White "Hurdzan, Tomas"]
[Black "Shafi, Declan"]
[Result "1-0"]
[WhiteElo "2245"]
[BlackElo "2078"]
[PlyCount "47"]
[EventDate "2016.08.18"]

1. e4 e5 2. Nf3 Nc6 3. Bb5 a6 4. Bxc6 dxc6 5. O-O Ne7 6. d3 Ng6 7. Be3 Bd6 8.
Nbd2 O-O 9. Re1 f6 10. Nc4 Be6 11. Qe2 Bxc4 12. dxc4 Qe7 13. c5 b5 14. cxd6
cxd6 15. c4 b4 16. Red1 c5 17. Nd2 f5 18. exf5 Rxf5 19. Ne4 Qh4 20. Nxd6 Rh5
21. h3 Rf8 22. Qg4 Nf4 23. Bxf4 Rxf4 24. Qe6+ 1-0

[Event "European Youth Chess Championship B16"]
[Site "Prague, Top Hotel Prague"]
[Date "2016.08.22"]
[Round "5.29"]
[White "Simet, Martin"]
[Black "Stauskas, Lukas"]
[Result "1/2-1/2"]
[WhiteElo "2058"]
[BlackElo "2235"]
[PlyCount "155"]
[EventDate "2016.08.18"]

1. e4 c5 2. Nf3 d6 3. d4 cxd4 4. Nxd4 Nf6 5. Nc3 a6 6. Be2 e5 7. Nb3 Be6 8. Be3
Nbd7 9. g4 h6 10. Rg1 b5 11. Bf3 Nb6 12. Bxb6 Qxb6 13. a4 b4 14. a5 Qb7 15. Na4
Nd7 16. Nd2 Rc8 17. Nf1 b3 18. c3 Qc7 19. Nd2 Qxa5 20. Nxb3 Qb5 21. Nd2 Be7 22.
Be2 Qb7 23. Bd3 Bg5 24. Qe2 Rc6 25. Nc4 Qc7 26. Ne3 Bxe3 27. Qxe3 Bb3 28. Ra3
Qb7 29. Qe2 Ke7 30. Bc2 Bc4 31. Qd2 Bb5 32. Rg3 Bxa4 33. Bxa4 Rb6 34. b4 Qxe4+
35. Qe2 Qxe2+ 36. Kxe2 Nf6 37. Bc2 Nd5 38. Bd3 Nf4+ 39. Kd2 Nxd3 40. Rxd3 Rc8
41. Rd5 Ke6 42. Rda5 Rcc6 43. f3 f5 44. h3 f4 45. Kd3 g6 46. Ra1 d5 47. R5a4
Kd7 48. Ra5 Rd6 49. R1a4 g5 50. Rc5 Rbc6 51. Raa5 Rxc5 52. Rxc5 Ke7 53. Rc7+
Kd8 54. Rc5 Kd7 55. Ra5 Kc7 56. Rc5+ Kb6 57. Ra5 Rd7 58. Rc5 Rd8 59. Ra5 e4+
60. fxe4 dxe4+ 61. Kxe4 Re8+ 62. Kf3 Re3+ 63. Kg2 Rxc3 64. Rf5 Rc6 65. h4 Rg6
66. hxg5 hxg5 67. Rc5 Kb7 68. Kf3 Kb8 69. Kg2 Kb7 70. Kf3 Kb6 71. Kg2 Rd6 72.
Rxg5 Rd3 73. Rf5 Rg3+ 74. Kf2 Rxg4 75. Kf3 Rg3+ 76. Kf2 Rg4 77. Kf3 Rg1 78.
Rxf4 1/2-1/2

[Event "European Youth Chess Championship B16"]
[Site "Prague, Top Hotel Prague"]
[Date "2016.08.22"]
[Round "5.30"]
[White "Trubchaninov, Timur"]
[Black "Havelka, Ondrej"]
[Result "1/2-1/2"]
[WhiteElo "2228"]
[BlackElo "2025"]
[PlyCount "72"]
[EventDate "2016.08.18"]

1. c4 e6 2. g3 d5 3. Bg2 Nf6 4. Nf3 Be7 5. O-O O-O 6. d4 b6 7. Qc2 Bb7 8. Rd1
Nbd7 9. b3 Ne4 10. Nfd2 f5 11. f3 Nef6 12. Nc3 c5 13. e3 Rc8 14. Bb2 f4 15.
exf4 cxd4 16. Nb5 dxc4 17. bxc4 Bc5 18. Nxd4 e5 19. fxe5 Nxe5 20. N2b3 Nxf3+
21. Bxf3 Bxf3 22. Nxc5 Bxd1 23. Rxd1 bxc5 24. Ne6 Qe7 25. Nxf8 Rxf8 26. Qd3 Ng4
27. Qd2 Nf2 28. Re1 Qb7 29. Qd5+ Qxd5 30. cxd5 Nd3 31. Re2 Nxb2 32. Rxb2 Rd8
33. Rb7 Rxd5 34. Rxa7 c4 35. Rc7 Ra5 36. Rxc4 Rxa2 1/2-1/2

[Event "European Youth Chess Championship B16"]
[Site "Prague, Top Hotel Prague"]
[Date "2016.08.22"]
[Round "5.31"]
[White "Birkisson, Bardur Orn"]
[Black "Hallman, Valo"]
[Result "1/2-1/2"]
[WhiteElo "2028"]
[BlackElo "2187"]
[PlyCount "84"]
[EventDate "2016.08.18"]

1. d4 d6 2. e4 Nf6 3. Nc3 Nbd7 4. Nf3 e5 5. Bc4 Be7 6. O-O O-O 7. a4 a6 8. a5
exd4 9. Nxd4 Ne5 10. Be2 c5 11. Nb3 Be6 12. Bf4 Bxb3 13. Bxe5 Bxc2 14. Qxc2
dxe5 15. Rfd1 Qc7 16. Nd5 Nxd5 17. Rxd5 Rad8 18. Bc4 Rxd5 19. Bxd5 Bd6 20. Qb3
Rb8 21. Qc4 g6 22. g3 Kg7 23. Ra3 f6 24. Kg2 Kh8 25. Rb3 Qxa5 26. Rxb7 Rxb7 27.
Bxb7 Qc7 28. Bxa6 Kg7 29. Qd5 Qe7 30. Bc4 Kh6 31. h4 Qf8 32. Qe6 Qe7 33. Qg4
Kg7 34. h5 g5 35. Qh3 Kh6 36. b3 Qe8 37. g4 Qe7 38. Qf3 Bc7 39. Qf5 Bd6 40. Kf3
Bc7 41. Bg8 Bd8 42. Bd5 Kg7 1/2-1/2

[Event "European Youth Chess Championship B16"]
[Site "Prague, Top Hotel Prague"]
[Date "2016.08.22"]
[Round "5.32"]
[White "Markovic, Dino"]
[Black "Zeman, Matyas"]
[Result "0-1"]
[WhiteElo "2012"]
[BlackElo "2166"]
[PlyCount "78"]
[EventDate "2016.08.18"]

1. d4 d5 2. c4 c6 3. Nc3 e6 4. e4 dxe4 5. Nxe4 Nd7 6. Nf3 Ngf6 7. Nc3 Bd6 8.
Bd3 O-O 9. O-O h6 10. Re1 Qc7 11. Qe2 a6 12. a4 c5 13. Be3 Re8 14. dxc5 Nxc5
15. Bxc5 Qxc5 16. h3 Qc7 17. Rad1 Bd7 18. Ne5 Bxe5 19. Qxe5 Qxe5 20. Rxe5 Bc6
21. b4 b6 22. Ree1 Red8 23. Bf1 Kf8 24. f3 Ke7 25. Kf2 a5 26. b5 Bb7 27. Rxd8
Rxd8 28. Rd1 Rxd1 29. Nxd1 Kd6 30. Ke3 Kc5 31. Nc3 Kb4 32. Kd4 Nd7 33. f4 f6
34. g3 Nc5 35. Be2 e5+ 36. fxe5 fxe5+ 37. Kxe5 Kxc3 38. Kd6 Nxa4 39. Kc7 Be4
0-1

[Event "European Youth Chess Championship B16"]
[Site "Prague, Top Hotel Prague"]
[Date "2016.08.22"]
[Round "5.33"]
[White "Akdogan, Alperen"]
[Black "Sramek, Vojtech"]
[Result "1/2-1/2"]
[WhiteElo "2152"]
[BlackElo "2005"]
[PlyCount "45"]
[EventDate "2016.08.18"]

1. d4 d5 2. Nf3 Nf6 3. c4 c6 4. Qc2 g6 5. Bf4 Bg7 6. e3 O-O 7. Bd3 Nbd7 8. Nc3
b6 9. O-O Bb7 10. h3 Rc8 11. Qa4 a6 12. cxd5 b5 13. Qb3 c5 14. a4 c4 15. Bxc4
Rxc4 16. axb5 Qc8 17. Nd2 axb5 18. Qxb5 Rxc3 19. bxc3 Nxd5 20. Rab1 Bc6 21. Qd3
Nxf4 22. exf4 Nf6 23. Kh2 1/2-1/2

[Event "European Youth Chess Championship B16"]
[Site "Prague, Top Hotel Prague"]
[Date "2016.08.22"]
[Round "5.34"]
[White "Pauwels, Xander"]
[Black "Slovak, Kilian"]
[Result "1/2-1/2"]
[WhiteElo "1996"]
[BlackElo "2142"]
[PlyCount "87"]
[EventDate "2016.08.18"]

1. d4 Nf6 2. c4 g6 3. Nc3 Bg7 4. e4 d6 5. Bd3 c5 6. d5 e6 7. Nge2 exd5 8. cxd5
O-O 9. O-O a6 10. a4 Nbd7 11. Ng3 Re8 12. a5 Rb8 13. Qe2 b5 14. axb6 Qxb6 15.
Ra2 Bb7 16. Be3 Ra8 17. Rfa1 a5 18. f4 Nxd5 19. Nxd5 Bxd5 20. Bc4 Bxc4 21. Qxc4
Nf6 22. h3 h5 23. e5 h4 24. Nf1 dxe5 25. Bxc5 Qb7 26. fxe5 Rxe5 27. Rxa5 Rxa5
28. Rxa5 Re4 29. Qc2 Nh5 30. Ra4 Rxa4 31. Qxa4 Qd5 32. Be3 Bf6 33. Bf2 Qg5 34.
Qg4 Qxg4 35. hxg4 Nf4 36. b3 Nd3 37. Be3 Ne5 38. Nh2 Be7 39. Bd4 Nc6 40. Be3 f6
41. Nf3 g5 42. Kf2 Bd6 43. Ke2 Kf7 44. Kd3 1/2-1/2

[Event "European Youth Chess Championship B16"]
[Site "Prague, Top Hotel Prague"]
[Date "2016.08.22"]
[Round "5.35"]
[White "Adar, Idan"]
[Black "Lojek, Marek"]
[Result "1-0"]
[WhiteElo "1990"]
[BlackElo "2141"]
[PlyCount "43"]
[EventDate "2016.08.18"]

1. e4 g6 2. d4 Bg7 3. Nf3 d6 4. Nc3 Bg4 5. Bc4 Nf6 6. Be3 O-O 7. Qd2 Bxf3 8.
gxf3 Re8 9. O-O-O c6 10. Bh6 Bh8 11. h4 Nh5 12. f4 b5 13. Be2 Nf6 14. e5 b4 15.
Nb1 dxe5 16. fxe5 Nd5 17. h5 e6 18. Rdg1 c5 19. Qd3 Ne7 20. hxg6 fxg6 21. Qh3
Nf5 22. Qxf5 1-0

[Event "European Youth Chess Championship B16"]
[Site "Prague, Top Hotel Prague"]
[Date "2016.08.22"]
[Round "5.36"]
[White "Danek, Daniel"]
[Black "Pantzar, Milton"]
[Result "1-0"]
[WhiteElo "1970"]
[BlackElo "2135"]
[PlyCount "53"]
[EventDate "2016.08.18"]

1. e4 e5 2. Nf3 Nc6 3. Bb5 a6 4. Ba4 Nf6 5. d3 d6 6. c4 Be7 7. Nc3 O-O 8. Bxc6
bxc6 9. d4 exd4 10. Nxd4 Bd7 11. O-O Re8 12. Qc2 g6 13. Bf4 Bf8 14. Rad1 Bg7
15. Rfe1 Nh5 16. Be3 Qf6 17. Nde2 Qh4 18. Bd4 Qg5 19. Bxg7 Bh3 20. Ng3 Bxg2 21.
Kxg2 Nf4+ 22. Kh1 Qg4 23. Re3 Kxg7 24. Rg1 Qe6 25. Rf3 Qe5 26. Rxf4 Qxf4 27.
Nh5+ 1-0

[Event "European Youth Chess Championship B16"]
[Site "Prague, Top Hotel Prague"]
[Date "2016.08.22"]
[Round "5.37"]
[White "Szustakowski, Antoni"]
[Black "Cirovic, Miroljub"]
[Result "1-0"]
[WhiteElo "2125"]
[BlackElo "1943"]
[PlyCount "63"]
[EventDate "2016.08.18"]

1. d4 Nf6 2. c4 e6 3. Nf3 b6 4. g3 Bb7 5. Bg2 Be7 6. O-O O-O 7. d5 exd5 8. Nh4
Ne4 9. cxd5 Bxh4 10. Bxe4 Bf6 11. Qc2 g6 12. Nc3 d6 13. Bg2 Nd7 14. Bd2 a5 15.
a3 Ba6 16. Rfe1 Re8 17. Rac1 Bd4 18. Bh3 Ra7 19. Qa4 Bxc3 20. Bxc3 Nc5 21. Qd4
f6 22. Qxf6 Qxf6 23. Bxf6 Kf7 24. Bg5 Bxe2 25. Rxc5 Bg4 26. Rxe8 Kxe8 27. Rxc7
Rxc7 28. Bxg4 Kf7 29. Be6+ Kg7 30. Bf4 Rc2 31. Bxd6 Kf6 32. f4 1-0

[Event "European Youth Chess Championship B16"]
[Site "Prague, Top Hotel Prague"]
[Date "2016.08.22"]
[Round "5.38"]
[White "Abishli, Oghuz"]
[Black "Slomczewski, Michal"]
[Result "1-0"]
[WhiteElo "2120"]
[BlackElo "1920"]
[PlyCount "141"]
[EventDate "2016.08.18"]

1. d4 c5 2. d5 e6 3. c4 Nf6 4. Nc3 exd5 5. cxd5 d6 6. Nf3 g6 7. Bf4 a6 8. a4
Bg7 9. h3 O-O 10. e3 Nh5 11. Bh2 f5 12. Be2 b6 13. O-O Qe7 14. Nd2 Nd7 15. Nc4
Be5 16. Bxe5 Nxe5 17. Nxe5 Qxe5 18. Bxh5 gxh5 19. Qxh5 Ra7 20. Rae1 Rg7 21. f4
Qf6 22. Rf2 Rg6 23. Kh2 Qg7 24. Qf3 Kh8 25. g3 Rg8 26. Rg2 Rh6 27. h4 Qe7 28.
Kg1 Rhg6 29. Kh2 Rg4 30. Ree2 h6 31. e4 Qf7 32. e5 dxe5 33. Rxe5 Bd7 34. Qe3
R8g7 35. Qd3 Qg6 36. Ree2 b5 37. axb5 axb5 38. Qe3 b4 39. Nd1 c4 40. Rd2 Ba4
41. Qf3 Qh5 42. Kg1 Qg6 43. Kh2 Qh5 44. Qf1 Qg6 45. Qf2 Bxd1 46. Rxd1 c3 47.
bxc3 bxc3 48. Rd3 Qf6 49. Qe1 Qg6 50. Rc2 Qd6 51. Qxc3 Kh7 52. Qd2 Qg6 53. Qf2
Qa6 54. Rcd2 Qd6 55. Re3 h5 56. Re6 Qb4 57. Rd3 Qc4 58. Ree3 Rd7 59. d6 Rg6 60.
Re7+ Rxe7 61. dxe7 Re6 62. Re3 Qc6 63. Qe2 Rxe3 64. Qxe3 Qc2+ 65. Kg1 Qd1+ 66.
Kf2 Qc2+ 67. Qe2 Qc5+ 68. Kg2 Qc6+ 69. Kh2 Qe8 70. Qe6 Qf8 71. exf8=R 1-0

[Event "European Youth Chess Championship B16"]
[Site "Prague, Top Hotel Prague"]
[Date "2016.08.22"]
[Round "5.39"]
[White "Batashevs, Arsens"]
[Black "Papp, Levente"]
[Result "1-0"]
[WhiteElo "1969"]
[BlackElo "2120"]
[PlyCount "181"]
[EventDate "2016.08.18"]

1. d4 d5 2. e3 Nf6 3. Bd3 c6 4. Nd2 Bg4 5. f3 Bh5 6. Ne2 Nbd7 7. Ng3 Bg6 8. f4
e6 9. O-O Be7 10. Qf3 c5 11. Bxg6 hxg6 12. c3 cxd4 13. exd4 b5 14. a3 a5 15.
Qd3 b4 16. axb4 axb4 17. Rxa8 Qxa8 18. Nf3 bxc3 19. bxc3 O-O 20. Ne5 Rc8 21.
Bd2 Nb6 22. Re1 Nc4 23. Nxc4 Rxc4 24. Rb1 Bd6 25. Qc2 Ra4 26. Qb3 Ra1 27. Qb2
Ra2 28. Qc1 Qa6 29. Rb2 Rxb2 30. Qxb2 Qd3 31. Qc1 Ng4 32. Qe1 Qc2 33. Qc1 Qb3
34. h3 Nf6 35. Kf2 Qa2 36. Kf3 Nd7 37. Nf1 Ba3 38. Qd1 Nb6 39. Ne3 Bb2 40. Qc2
Qa3 41. g4 Nc4 42. Nxc4 dxc4 43. Ke2 f5 44. g5 Ba1 45. Kd1 Bb2 46. Ke2 Kf7 47.
h4 Ke7 48. Kd1 Kd6 49. Ke2 Qa1 50. Kf2 Kc6 51. Ke2 Kb5 52. h5 gxh5 53. d5 g6
54. dxe6 Kc6 55. Be1 Kd6 56. Qd2+ Kxe6 57. Qd4 Qb1 58. Qxc4+ Ke7 59. Qc7+ Ke8
60. Qc6+ Ke7 61. Qf6+ Kd7 62. Qf7+ Kd8 63. Qd5+ Ke7 64. Qc5+ Ke6 65. Qc4+ Ke7
66. Qb4+ Kd7 67. Qa4+ Ke6 68. Qe8+ Kd5 69. Qf7+ Kd6 70. Qxg6+ Ke7 71. Qf6+ Ke8
72. Qc6+ Ke7 73. Qc5+ Kf7 74. Qc4+ Kg7 75. Qd4+ Kf7 76. Qc4+ Kg7 77. Qc7+ Kg8
78. Qd8+ Kf7 79. Qf6+ Kg8 80. Qe6+ Kg7 81. Qe7+ Kg8 82. g6 Qe4+ 83. Qxe4 fxe4
84. Ke3 h4 85. Kxe4 h3 86. Kf3 h2 87. Kg2 Bc1 88. Bg3 Kg7 89. f5 Kf6 90. Be5+
Ke7 91. Kxh2 1-0

[Event "European Youth Chess Championship B16"]
[Site "Prague, Top Hotel Prague"]
[Date "2016.08.22"]
[Round "5.40"]
[White "Burhanov, Vassily"]
[Black "Liska, Jiri"]
[Result "1/2-1/2"]
[WhiteElo "1888"]
[BlackElo "2116"]
[PlyCount "84"]
[EventDate "2016.08.18"]

1. e4 Nf6 2. e5 Nd5 3. c4 Nb6 4. d4 d6 5. exd6 cxd6 6. Nc3 g6 7. Be3 Bg7 8. b3
O-O 9. Rc1 Bf5 10. Be2 e5 11. dxe5 dxe5 12. Qxd8 Rxd8 13. c5 N6d7 14. Nf3 Nc6
15. O-O Nd4 16. b4 a5 17. a3 axb4 18. axb4 Nxe2+ 19. Nxe2 Bd3 20. Rfe1 e4 21.
Nfd4 Ne5 22. Nf4 Ng4 23. c6 bxc6 24. Nxc6 Rd7 25. Nxd3 exd3 26. Bd2 Ra2 27.
Re8+ Bf8 28. Ne5 Re7 29. Rxe7 Bxe7 30. Nf3 Kg7 31. h3 Nf6 32. Rb1 Ne4 33. Rd1
Nxd2 34. Nxd2 Bxb4 35. Nf3 Ra3 36. Ne5 d2 37. Nf3 Rd3 38. Kf1 f5 39. Ke2 Ra3
40. Nxd2 Ra2 41. Ke3 f4+ 42. Kd3 Rxd2+ 1/2-1/2

[Event "European Youth Chess Championship B16"]
[Site "Prague, Top Hotel Prague"]
[Date "2016.08.22"]
[Round "5.41"]
[White "Haring, Viktor"]
[Black "Jurasek, Vojtech"]
[Result "1-0"]
[WhiteElo "2105"]
[BlackElo "1859"]
[PlyCount "63"]
[EventDate "2016.08.18"]

1. e4 c5 2. Nf3 e6 3. d4 cxd4 4. Nxd4 a6 5. Nc3 Qc7 6. Bd3 Nf6 7. f4 d6 8. Qf3
Be7 9. Be3 Nbd7 10. g4 Nc5 11. g5 Nfd7 12. Rc1 b5 13. b4 Nb7 14. Nb1 Nb6 15.
O-O O-O 16. a4 Nxa4 17. c4 bxc4 18. Rxc4 Qd7 19. Rfc1 Bd8 20. Qg2 Bb6 21. e5
dxe5 22. fxe5 a5 23. Be4 axb4 24. Bc6 Qc7 25. Bxa4 Qxe5 26. Bf2 Nd6 27. Rxb4
Bc5 28. Nc6 Bb7 29. Rxc5 Qa1 30. Bd4 Rxa4 31. Bxa1 Rxb4 32. Nd2 1-0

[Event "European Youth Chess Championship B16"]
[Site "Prague, Top Hotel Prague"]
[Date "2016.08.22"]
[Round "5.42"]
[White "Piskac, Marek"]
[Black "Abdulla, Murad"]
[Result "0-1"]
[WhiteElo "1711"]
[BlackElo "2103"]
[PlyCount "96"]
[EventDate "2016.08.18"]

1. e4 c5 2. Nf3 d6 3. d4 cxd4 4. Nxd4 Nf6 5. Nc3 g6 6. Be3 Bg7 7. Bc4 Nc6 8.
Bb3 O-O 9. h3 Bd7 10. O-O a6 11. f4 Qa5 12. Qf3 Nxd4 13. Bxd4 Bc6 14. Nd5 Bxd5
15. exd5 Ne8 16. Bxg7 Nxg7 17. Rae1 Rfe8 18. Re2 Rac8 19. Rfe1 Kf8 20. Kh2 Qc5
21. c3 b5 22. g4 a5 23. f5 g5 24. Qe3 Qxe3 25. Rxe3 Rc7 26. Kg3 h5 27. Kf2 Rb8
28. Ke2 hxg4 29. hxg4 Ne8 30. Rh1 Kg7 31. Re4 Nf6 32. Rd4 Rc5 33. a3 b4 34.
cxb4 axb4 35. a4 Rcc8 36. Kd3 Nd7 37. Kd2 Nc5 38. Bd1 Rc7 39. b3 Nd7 40. Rh3
Ne5 41. Re4 Rc5 42. Rd4 Ra8 43. Rxb4 Rxd5+ 44. Ke2 Rc8 45. Rg3 Rc1 46. Rg1 Nd3
47. Rb7 Nf4+ 48. Kf2 Nh3+ 0-1

[Event "European Youth Chess Championship B16"]
[Site "Prague, Top Hotel Prague"]
[Date "2016.08.22"]
[Round "5.43"]
[White "O`Sullivan, Thomas"]
[Black "Demosthenous, Andreas"]
[Result "1-0"]
[WhiteElo "2293"]
[BlackElo "1925"]
[PlyCount "65"]
[EventDate "2016.08.18"]

1. d4 Nf6 2. c4 c5 3. d5 e6 4. Nc3 exd5 5. cxd5 d6 6. e4 g6 7. Bd3 Bg7 8. Nge2
O-O 9. h3 Re8 10. Ng3 Nxe4 11. Ncxe4 f5 12. O-O fxe4 13. Nxe4 Kh8 14. Ng5 Qf6
15. Bd2 Na6 16. h4 h6 17. Bc3 Qf8 18. Bxg6 Bxc3 19. bxc3 Re7 20. Ne4 Qf4 21. g3
Qg4 22. Qxg4 Bxg4 23. f3 Kg7 24. h5 Bh3 25. Rf2 Bd7 26. Nxd6 b5 27. Rd1 Re3 28.
c4 b4 29. Rdd2 Nb8 30. Rde2 Rc3 31. Re7+ Kf6 32. Rfe2 Rxf3 33. Rf7+ 1-0

[Event "European Youth Chess Championship B16"]
[Site "Prague, Top Hotel Prague"]
[Date "2016.08.22"]
[Round "5.44"]
[White "Merkesvik, Sondre"]
[Black "Birkisson, Bjorn Holm"]
[Result "1/2-1/2"]
[WhiteElo "2228"]
[BlackElo "1908"]
[PlyCount "136"]
[EventDate "2016.08.18"]

1. Nf3 Nf6 2. g3 e6 3. Bg2 d5 4. d4 Be7 5. c4 O-O 6. O-O dxc4 7. Qc2 a6 8. a4
Bd7 9. Ne5 Bc6 10. Nxc6 Nxc6 11. e3 Na5 12. Na3 c5 13. dxc5 Rc8 14. c6 Nxc6 15.
Qxc4 Na5 16. Qe2 Nb3 17. Rb1 Qc7 18. Bd2 Bxa3 19. bxa3 Qc2 20. Rxb3 Qxb3 21.
Bb4 Rc2 22. Qd1 Rb8 23. Bxb7 h6 24. Bxa6 Nd5 25. Bb5 Nxb4 26. axb4 Rb2 27. Qd6
Rf8 28. a5 Qxb4 29. Qxb4 Rxb4 30. Bc6 Rc8 31. Bf3 Ra4 32. a6 Rc3 33. Bb7 Rca3
34. Kg2 Ra1 35. Rxa1 Rxa1 36. Kf3 Kf8 37. Ke4 Ke7 38. h4 Kd6 39. Kf4 Kc7 40.
Kf3 Ra2 41. Kg2 f5 42. Kf3 e5 43. Kg2 Kd6 44. Kf3 e4+ 45. Kg2 Ke5 46. Kf1 g5
47. hxg5 hxg5 48. Kg1 f4 49. gxf4+ gxf4 50. Bc8 f3 51. Bb7 Kf5 52. Bc8+ Kg5 53.
Bb7 Kg4 54. Bc8+ Kh4 55. Bb7 Ra4 56. Kh2 Ra2 57. Kg1 Kg4 58. Bc8+ Kg5 59. Bb7
Kf5 60. Bc8+ Ke5 61. Bb7 Kf5 62. Bc8+ Kf6 63. Bb7 Ke5 64. Bc8 Ra1+ 65. Kh2 Rf1
66. Kg3 Rg1+ 67. Kh3 Rf1 68. Kg3 Rg1+ 1/2-1/2

[Event "European Youth Chess Championship B16"]
[Site "Prague, Top Hotel Prague"]
[Date "2016.08.22"]
[Round "5.45"]
[White "Dill, Xaver"]
[Black "Todorov, Kaloyan"]
[Result "1-0"]
[WhiteElo "2110"]
[BlackElo "1918"]
[PlyCount "71"]
[EventDate "2016.08.18"]

1. e4 e5 2. Nf3 Nc6 3. Bc4 Bc5 4. c3 Nf6 5. d4 exd4 6. cxd4 Bb4+ 7. Nbd2 Nxe4
8. d5 Ne7 9. O-O Bxd2 10. Nxd2 Nxd2 11. Bxd2 d6 12. Rc1 O-O 13. Re1 Ng6 14. Bf1
Bd7 15. Ba5 Rc8 16. Qd4 Re8 17. Bc3 f6 18. Rxe8+ Bxe8 19. Qxa7 c6 20. Qxb7 Rb8
21. Qa6 Ra8 22. Qc4 cxd5 23. Qxd5+ Bf7 24. Qd1 Rxa2 25. Ra1 Rxa1 26. Qxa1 Ne7
27. Qa6 d5 28. b4 d4 29. Bxd4 Bd5 30. Bc5 Nc8 31. Qd3 Qd7 32. b5 Qb7 33. Qe2
Kf7 34. Qh5+ g6 35. Qxh7+ Ke6 36. Qxg6 1-0

[Event "European Youth Chess Championship B16"]
[Site "Prague, Top Hotel Prague"]
[Date "2016.08.22"]
[Round "5.46"]
[White "Golding, James"]
[Black "Kistrup, Nicolai"]
[Result "0-1"]
[WhiteElo "1919"]
[BlackElo "2089"]
[PlyCount "78"]
[EventDate "2016.08.18"]

1. d4 Nf6 2. c4 e6 3. Nf3 b6 4. e3 Bb7 5. Bd3 d5 6. O-O Bd6 7. Nc3 O-O 8. b3
Qe7 9. Nb5 dxc4 10. Bxc4 Ne4 11. Nxd6 cxd6 12. Bb2 d5 13. Bd3 Nc6 14. Nd2 Nb4
15. Ba3 Nc3 16. Bxb4 Qxb4 17. a3 Qe7 18. Qc2 Rac8 19. Qb2 Ne4 20. Nxe4 dxe4 21.
Bc4 Rc7 22. Rac1 Rfc8 23. a4 Qb4 24. h3 Rxc4 25. Qb1 Rc3 26. Rxc3 Qxc3 27. b4
Bd5 28. Qd1 Qxb4 29. Qg4 Qxa4 30. h4 Qb3 31. h5 h6 32. Qf4 Qb2 33. g4 Rc1 34.
g5 Rxf1+ 35. Kxf1 Qc1+ 36. Kg2 hxg5 37. Qxg5 Qd1 38. Qh4 Qf3+ 39. Kh2 Qf6 0-1

[Event "European Youth Chess Championship B16"]
[Site "Prague, Top Hotel Prague"]
[Date "2016.08.22"]
[Round "5.47"]
[White "De Bock, Thijs"]
[Black "Bryker, Oleksandr"]
[Result "1-0"]
[WhiteElo "2058"]
[BlackElo "1852"]
[PlyCount "73"]
[EventDate "2016.08.18"]

1. e4 e6 2. Nf3 d5 3. Nc3 Nf6 4. e5 Nfd7 5. d4 c5 6. dxc5 Nc6 7. Bf4 Nxc5 8.
Be2 Be7 9. O-O a6 10. a3 f5 11. exf6 Bxf6 12. Qd2 O-O 13. Bg5 d4 14. Bxf6 Qxf6
15. Na2 e5 16. Rad1 Be6 17. Nb4 Ne4 18. Qe1 Rac8 19. Nxc6 Rxc6 20. Bd3 Ng5 21.
Nxe5 Rc5 22. f4 Nf7 23. Qe4 g6 24. Qxd4 Rd5 25. Qb4 b5 26. Rfe1 Rfd8 27. Nxf7
Qxf7 28. Re5 Bf5 29. Bxf5 gxf5 30. Rde1 Rxe5 31. fxe5 Qa7+ 32. Kh1 Rd7 33. Qb3+
Kf8 34. e6 Re7 35. Qc3 Kg8 36. Qf6 Qf2 37. Rd1 1-0

[Event "European Youth Chess Championship B16"]
[Site "Prague, Top Hotel Prague"]
[Date "2016.08.22"]
[Round "5.48"]
[White "Landi, Alberto"]
[Black "Holton, Jake"]
[Result "1/2-1/2"]
[WhiteElo "2057"]
[BlackElo "1832"]
[PlyCount "73"]
[EventDate "2016.08.18"]

1. e4 e6 2. d3 d5 3. Qe2 Nf6 4. Nf3 Be7 5. g3 c5 6. Bg2 Nc6 7. O-O O-O 8. e5
Nd7 9. c4 d4 10. h4 f6 11. exf6 Nxf6 12. Bg5 Qc7 13. Re1 Bd6 14. Nfd2 e5 15.
Ne4 Nxe4 16. Bxe4 Kh8 17. Bc1 Qf7 18. Nd2 Bg4 19. f3 Be6 20. Bxc6 bxc6 21. Ne4
Be7 22. Rf1 Qg6 23. Qg2 Bf5 24. Bd2 Rab8 25. b3 Bxe4 26. fxe4 Rf6 27. Rxf6 gxf6
28. Qh3 Rg8 29. Kh2 Bf8 30. h5 Qg4 31. Qxg4 Rxg4 32. Rf1 Be7 33. Kh3 Rg8 34.
Rf3 Kg7 35. Rf5 Kf7 36. g4 Ke6 37. Rf1 1/2-1/2

[Event "European Youth Chess Championship B16"]
[Site "Prague, Top Hotel Prague"]
[Date "2016.08.22"]
[Round "5.49"]
[White "Acs, Marton"]
[Black "Kildea, Robbie"]
[Result "1-0"]
[WhiteElo "2030"]
[BlackElo "1626"]
[PlyCount "83"]
[EventDate "2016.08.18"]

1. Nf3 Nf6 2. c4 g6 3. g3 Bg7 4. Bg2 O-O 5. O-O c5 6. Nc3 Nc6 7. d4 d6 8. dxc5
dxc5 9. Bf4 Be6 10. Ne5 Nxe5 11. Bxe5 Nd7 12. Bxg7 Kxg7 13. Qc2 Qc7 14. Nd5
Bxd5 15. cxd5 Rac8 16. e4 Rfd8 17. f4 c4 18. Qc3+ Kg8 19. Rac1 Qc5+ 20. Kh1 b5
21. a3 Qb6 22. Bh3 Ra8 23. b4 cxb3 24. e5 b2 25. Qxb2 Qb7 26. Bg2 Qb6 27. f5
Nc5 28. Qc3 Rac8 29. Qf3 Nd7 30. Rxc8 Rxc8 31. fxg6 Qxg6 32. e6 Ne5 33. exf7+
Nxf7 34. Bh3 Rf8 35. Be6 Kg7 36. Qc3+ Kg8 37. Rf4 Qb1+ 38. Kg2 h5 39. Rf5 Qa2+
40. Kh3 Kh7 41. Bxf7 Qe2 42. Rxh5+ 1-0